Normal view MARC view

Entry Corporate Name

Number of records used in: 1

001 - CONTROL NUMBER

  • control field: 42762

003 - CONTROL NUMBER IDENTIFIER

  • control field: dpl

005 - DATE AND TIME OF LATEST TRANSACTION

  • control field: 20120222104548.0

008 - FIXED-LENGTH DATA ELEMENTS

  • fixed length control field: 120222|||a|||||| | ||| d

040 ## - CATALOGING SOURCE

  • Original cataloging agency: dpl
  • Transcribing agency: dpl

110 ## - HEADING--CORPORATE NAME

  • Corporate name or jurisdiction name as entry element: International Labour Organisation

670 ## - SOURCE DATA FOUND

  • Source citation: Work cat.: (dpl)62650: Art and visual culture 1857-2007/, 2009

670 ## - SOURCE DATA FOUND

  • Source citation: Work cat.: (dpl)62650: Art and visual culture 1857-2007/, 2009

© Delhi Public Library
Hit Counter
free hit counter